| 000 | 00427nam a2200181Ia 4500 | ||
|---|---|---|---|
| 001 | 16890 | ||
| 005 | 20260306170344.0 | ||
| 008 | 260306t1957||||xx |||||||||||||| ||und|| | ||
| 041 | _aESP | ||
| 082 |
_a657.3 _bF42 |
||
| 100 |
_aFernández Peña, Enrique _eAUT |
||
| 245 | 0 | _aIntegración de balances | |
| 260 | _c1957 | ||
| 300 |
_a268 páginas : _c23 cm. |
||
| 650 | _aGEN | ||
| 654 | _aCCO | ||
| 942 |
_cLIB _dJUS _fJUS _2ddc _n |
||
| 999 |
_c16890 _d16890 |
||